NFL Football Family Ties - Statistics

General Stats
  • This quiz has been taken 169 times
  • The average score is 12 of 38
Answer Stats
Relation Teams Positions Family Name % Correct
Father, Son, Son NO, IND, NYG QB, QB, QB Archie, Peyton, Eli Manning
100%
Brother, Brother, Brother HOU, PIT, LAC DE, DE, FB J.J., T.J., Derek Watt
71%
Brother, Brother PHI, KC C, TE Jason, Travis Kelce
70%
Father, Son DAL, CLE CB, QB Deion, Shedeur Sanders
66%
Brother, Brother GB, DET WR, WR Equanimeous, Amon-Ra St. Brown
63%
Brother, Brother NYG, TB RB, CB Tiki, Ronde Barber
51%
Father, Son IND, ARI WR, WR Marvin, Marvin Jr. Harrison
47%
Brother, Brother MIN, DAL WR, CB Stefon, Trevon Diggs
45%
Father, Son, Son DEN, SF, WSH WR, RB, WR Ed, Christian, Luke McCaffrey
44%
Brother, Brother GB, DEN WR, TE Sterling, Shannon Sharpe
44%
Father, Son MIA, DEN QB, QB Bob, Brian Griese
43%
Brother, Brother DAL, CHI RB, RB Julius, Thomas Jones
40%
Father, Son CLE, CIN OT, OT Orlando, Orlando Jr. Brown
39%
Father, Brother, Son, Cousin CLE, HOU, GB, ATL LB, OL, LB, OT Clay Jr, Bruce, Clay III, Jake Matthews
37%
Father, Brother, Brother MIA, LAC, SF DE, DE, DE John, Joey, Nick Bosa
36%
Father, Son HOU, IND QB, QB Oliver, Andrew Luck
33%
Father, Son, Son ATL, PIT, PIT RB, DT, FB Craig, Cameron, Connor Heyward
27%
Father, Son, Son OAK, STL, CHI DE, DE, OG Howie, Chris, Kyle Long
26%
Brother, Brother NWE, TEN CB, CB Devin, Jason McCourty
25%
Father, Son MIA, DEN CB, CB Patrick, Patrick II Surtain
25%
Father, Son, Grandson NO, ARI, LAR OL, QB, WR Jake, Craig, Cooper Kupp
24%
Brother, Brother PIT, MIA C, C Maurkice, Mike Pouncey
24%
Brother, Brother SF, IND TE, CB Vernon, Vontae Davis
24%
Father, Son NO, CAR WR, CB Joe, Jaycee Horn
23%
Farher, Son LAR, NWE OT, WR/ST Jackie, Matthew Slater
15%
Brother, Brother SEA, CHI DE, TE Michael, Martellus Bennett
14%
Brother, Brother KC, DEN P, P Dustin, Britton Colquitt
13%
Father, Son NYG, NO WR, RB Mark, Mark II Ingram
13%
Father, Son MIN, NO TE, DE Steve, Cameron Jordan
12%
Brother, Brother, Brother NO, CHI, DET LB, LB OT Nephi, Noah, Penei Sewell
11%
Father, Son KC, LAC OT, OT John, Joe Alt
10%
Brother, Brother DET, DEN CB, LB Champ, Boss Bailey
9%
Brother, Brother DET, SEA S, WR Bennie, Brian Blades
8%
Brother, Brother, Brother, Brother TEN, DET, CHI, WSH S, WR, CB, CB Vincent, Corey, Kyle, Kendall Fuller
6%
Father, Son SDG, LAR WR, WR Shawn, Van Jefferson
5%
Brother, Brother CLE, PHI DT, DL Bob, Mike Golic
4%
Brother, Brother CLE, PHI QB, QB Ty, Koy Detmer
4%
Brother, Grandson, Brother CHI, CIN, DET OG, C, DT Ted, Ted III, Alex Karras
3%
No matching quizzes found
Score Distribution
Percent of People with Each Score
Percentile by Number Answered
Your Score History
You have not taken this quiz